MARC details
| 000 -CABECERA |
| campo de control de longitud fija |
03833nam a2200313 4500 |
| 003 - IDENTIFICADOR DEL NÚMERO DE CONTROL |
| campo de control |
EC-UNACH |
| 005 - FECHA Y HORA DE LA ÚLTIMA TRANSACCIÓN |
| campo de control |
20251006092650.0 |
| 006 - CÓDIGOS DE INFORMACIÓN DE LONGITUD FIJA--CARACTERÍSTICAS DEL MATERIAL ADICIONAL |
| campo de control de longitud fija |
s||||gr|||| 00| 00 |
| 008 - DATOS DE LONGITUD FIJA--INFORMACIÓN GENERAL |
| campo de control de longitud fija |
150116t9999 mx r gr 000 0 spa d |
| 020 ## - NÚMERO INTERNACIONAL ESTÁNDAR DEL LIBRO |
| Número Internacional Estándar del Libro |
978-958-648-797-9 |
| 040 ## - FUENTE DE LA CATALOGACIÓN |
| Centro catalogador/agencia de origen |
EC-UNACH |
| Centro/agencia transcriptor |
EC-UNACH |
| 041 ## - CÓDIGO DE LENGUA |
| Código de lengua del texto/banda sonora o título independiente |
spa |
| 082 04 - NÚMERO DE LA CLASIFICACIÓN DECIMAL DEWEY |
| Número de edición |
23 |
| Número de clasificación |
657.3 |
| Número de documento/Ítem |
L012902 |
| 110 ## - ENTRADA PRINCIPAL--NOMBRE DE ENTIDAD CORPORATIVA |
| Nombre de entidad corporativa o nombre de jurisdicción como elemento de entrada |
ECOE EDICIONES |
| 245 ## - MENCIÓN DE TÍTULO |
| Título |
Estados financieros : |
| Resto del título |
Normas para preparación y presentación |
| 250 ## - MENCIÓN DE EDICIÓN |
| Mención de edición |
Primera edición |
| 264 ## - Producción, publicación, distribución, fabricación y copyright |
| Lugar de producción, publicación, distribución, fabricación |
Bogotá - Colombia |
| Nombre del de productor, editor, distribuidor, fabricante |
ECOE EDICIONES |
| Fecha de de producción, publicación, distribución, fabricación o copyright |
2008 |
| 300 ## - DESCRIPCIÓN FÍSICA |
| Extensión |
315 páginas |
| Otras características físicas |
Cuadros, Tablas |
| 505 ## - NOTA DE CONTENIDO CON FORMATO |
| Nota de contenido con formato |
Contenido general -- <br/>Presentación --<br/>Capítulo 1. Estados financieros --<br/>1. Concepto --<br/>2. Objetivos de los estados financieros --<br/>3. Cualidades de la información contable --<br/>4. Importancia de la información financiera --<br/>5. Información no revelable --<br/>6. Usuarios de la información contable --<br/>7. Limitaciones en el uso de la información financiera --<br/>Cuestionario --<br/>Preguntas tipo Ecaes --<br/>Capítulo 2. Clasificación de los estados financieros --<br/>1. Clasificación 2. Estados financieros de propósito general --<br/>3. Estados financieros básicos --<br/>4. Estados financieros consolidados --<br/>4.1. En las normas contables colombianas --<br/>4.2. En las normas fiscales colombianas --<br/>5. Estados financieros de propósito especial --<br/>6. Políticas contables y estados financieros --<br/>7. Normas contables aplicables a los estados financieros --<br/>8. Efectos contables y jurídicos cuando se realizan cortes semestrales --<br/>9. Estados financieros según la Superintendencia de Valores --<br/>10. Normas comunes a todos los estados financieros --<br/>Cuestionario --<br/>Preguntas tipo Ecaes Capítulo 3. Estados financieros comparativos --<br/>1. Concepto --<br/>2. Estados financieros comparativos para entidades vigiladas por la Superintendencia Bancaria (hoy Financiera) --<br/>Cuestionario --<br/>Preguntas tipo Ecaes --<br/>Capítulo 4. Estados financieros certificados y dictaminados --<br/>1. Estados financieros certificados --<br/>1.1. Precisiones de la Junta Central de Contadores --<br/>1.2. Precisiones de la Superintendencia de Sociedades --<br/>1.3. Precisiones del Consejo Técnico de la Contaduría Pública --<br/>1.4. Modelo de certificación de estados financieros --<br/>2. Estados financieros dictaminados 2.1. Concepto de la Superintendencia de Sociedades --<br/>2.2. Concepto del Consejo Técnico de la Contaduría Pública --<br/>3. Diferencias entre certificación y dictamen --<br/>Cuestionario --<br/>Preguntas tipo Ecaes --<br/>Capítulo 5. Otras características de los estados financieros --<br/>1. Autenticidad de los estados financieros y de los dictámenes --<br/>2. Rectificación de los estados financieros --<br/>2.1. La rectificación de estados financieros según la Superintendencia de Sociedades --<br/>2.2. Responsables de la corrección de estados financieros --<br/>3. Publicidad de los estados financieros --<br/>3.1. Norma comercial 3.2. Reglamentación de la Superintendencia de Industria y Comercio --<br/>4. Ausencia de estados financieros --<br/>5. Responsabilidad penal --<br/>6. Expedición de reglamentos --<br/>7. Rendición de cuentas --<br/>7.1. Rendición de cuentas --<br/>7.2. Rendición de cuentas al fin de ejercicio -- 7.3. Informe de gestión --<br/>7.4. Aprobación del informe de gestión --<br/>8. Derecho de inspección --<br/>9. Notas a los estados financieros y normas de preparación --<br/>9.1. Notas a los estados financieros -- 9.1.1. En Colombia<br/>9.1.2. En la NIC 1 --<br/>9.2. Estructura y contenido de los estados financieros --<br/>9.2.1. En las NIC --<br/> |
| 650 ## - PUNTO DE ACCESO ADICIONAL DE MATERIA--TÉRMINO DE MATERIA |
| Término de materia o nombre geográfico como elemento inicial |
NORMAS CONTABLES |
| 650 ## - PUNTO DE ACCESO ADICIONAL DE MATERIA--TÉRMINO DE MATERIA |
| Término de materia o nombre geográfico como elemento inicial |
BLANCE INICIAL |
| 650 ## - PUNTO DE ACCESO ADICIONAL DE MATERIA--TÉRMINO DE MATERIA |
| Término de materia o nombre geográfico como elemento inicial |
INVENARIO PERIÓDICO |
| 650 ## - PUNTO DE ACCESO ADICIONAL DE MATERIA--TÉRMINO DE MATERIA |
| Término de materia o nombre geográfico como elemento inicial |
FLUJOS DE EFECTIVO |
| 700 ## - PUNTO DE ACCESO ADICIONAL--NOMBRE DE PERSONA |
| Nombre de persona |
Carvalho, Javier |
| 942 ## - ELEMENTOS DE PUNTO DE ACCESO ADICIONAL (KOHA) |
| Fuente del sistema de clasificación o colocación |
Clasificación Decimal Dewey |
| Tipo de ítem Koha |
Libros |
| 999 ## - NÚMEROS DE CONTROL DE SISTEMA (KOHA) |
| Koha biblionumber |
13976 |